Ligue 2 Champions - Statistics

General Stats
  • This quiz has been taken 77 times
  • The average score is 51 of 77
Answer Stats
Season Answer % Correct
1988/89 Lyon
93%
1994/95 Marseille
93%
1963/64 Lille
90%
1973/74 Lille
90%
1977/78 Lille
87%
1999/00 Lille
87%
1962/63 Saint-Etienne
85%
1998/99 Saint-Etienne
85%
2003/04 Saint-Etienne
85%
1991/92 Bordeaux
84%
1948/49 Lens
84%
1972/73 Lens
84%
2008/09 Lens
84%
1976/77 Strasbourg
84%
1987/88 Strasbourg
84%
2016/17 Strasbourg
84%
1947/48 Nice
82%
1964/65 Nice
82%
1969/70 Nice
82%
1993/94 Nice
82%
1970/71 PSG
82%
1981/82 Toulouse
82%
2002/03 Toulouse
82%
2021/22 Toulouse
82%
2012/13 Monaco
79%
1980/81 Brest
78%
1950/51 Lyon
78%
1953/54 Lyon
78%
1979/80 Auxerre
76%
1958/59 Le Havre
76%
1984/85 Le Havre
76%
1990/91 Le Havre
76%
2007/08 Le Havre
76%
2022/23 Le Havre
76%
2006/07 Metz
76%
2013/14 Metz
76%
2018/19 Metz
76%
1960/61 Montpellier
74%
1986/87 Montpellier
74%
1965/66 Reims
74%
2017/18 Reims
74%
1955/56 Rennes
74%
1982/83 Rennes
74%
1966/67 Ajaccio
71%
2001/02 Ajaccio
71%
2019/20 Lorient
71%
1974/75 Nancy (ASNL)
65%
1989/90 Nancy (ASNL)
65%
1997/98 Nancy (ASNL)
65%
2004/05 Nancy (ASNL)
65%
2015/16 Nancy (ASNL)
65%
2014/15 Troyes
65%
2020/21 Troyes
65%
1968/69 Angers
62%
1975/76 Angers
62%
1995/96 Caen
62%
2009/10 Caen
62%
1967/68 Bastia
60%
2011/12 Bastia
60%
1949/50 Nimes
59%
1959/60 Grenoble
54%
1961/62 Grenoble
54%
1971/72 Valenciennes
54%
2005/06 Valenciennes
54%
1946/47 Sochaux
46%
2000/01 Sochaux
46%
1983/84 Tours
40%
2010/11 Evian
37%
1954/55 Sedan
28%
1985/86 RCF Paris
25%
1992/93 Martigues
21%
1996/97 Châteauroux
18%
1978/79 Gueugnon
10%
1951/52 Stade Français
10%
1956/57 Alès
9%
1957/58 FC Nancy
9%
1952/53 Toulouse FC
4%
No matching quizzes found
Score Distribution
Percent of People with Each Score
Percentile by Number Answered
Your Score History
You have not taken this quiz